Maturita z matematiky : didaktický test : 2022-2023 /

Hlavní autor: Gazárková, Dana
Další autoři: Králová, Magda, Navrátil, Milan, Ondráčková, Ivana, Vobecká, Běla
Jazyk: Čeština
Vydáno: Brno : Didaktis, [2021]
Vydání: Vydání první
Témata:
Fyzický popis: 168 stran : ilustrace (některé barevné) ; 30 cm
Knihy
Uloženo v:
LEADER 02217cam a2200577 i 4500
001 nkc20213323061
003 CZ PrNK
005 20221213101052.0
007 ta
008 210525t20212021xr a d p 000 0 cze d
015 |a cnb003323061 
020 |a 978-80-7358-323-1  |q (brožováno) 
035 |a (OCoLC)1357138841 
040 |a KLG001  |b cze  |d BOA001  |d ABA001  |e rda 
072 7 |a 51  |x Matematika  |2 Konspekt  |9 13 
072 7 |a 37.016  |x Učební osnovy. Vyučovací předměty. Učebnice  |2 Konspekt  |9 22 
080 |a 51  |2 MRF 
080 |a 373.5.016  |2 MRF 
080 |a 373.5.091.274/.275  |2 MRF 
080 |a (035)  |2 MRF 
080 |a (079.1)  |2 MRF 
100 1 |a Gazárková, Dana  |7 jo2013776327  |4 aut 
245 1 0 |a Maturita z matematiky :  |b didaktický test : 2022-2023 /  |c autorské zpracování: Dana Gazárková, Magda Králová, Milan Navrátil, Ivana Ondráčková, Běla Vobecká 
250 |a Vydání první 
264 1 |a Brno :  |b Didaktis,  |c [2021] 
264 4 |c ©2021 
300 |a 168 stran :  |b ilustrace (některé barevné) ;  |c 30 cm 
336 |a text  |b txt  |2 rdacontent 
337 |a bez média  |b n  |2 rdamedia 
338 |a svazek  |b nc  |2 rdacarrier 
650 0 7 |a matematika  |7 ph117231  |x úlohy  |2 czenas 
650 0 7 |a učivo středních škol  |7 ph136702  |2 czenas 
650 0 7 |a maturitní zkoušky  |7 ph136836  |2 czenas 
650 0 9 |a mathematics  |x problems, exercises, etc.  |2 eczenas 
650 0 9 |a secondary school curriculum  |2 eczenas 
650 0 9 |a high school equivalency examinations  |2 eczenas 
655 7 |a příručky  |7 fd133209  |2 czenas 
655 7 |a testy  |7 fd133697  |2 czenas 
655 9 |a handbooks and manuals  |2 eczenas 
655 9 |a tests  |2 eczenas 
700 1 |a Králová, Magda  |7 jo2014828354  |4 aut 
700 1 |a Navrátil, Milan  |7 jo2014828355  |4 aut 
700 1 |a Ondráčková, Ivana  |7 xx0088275  |4 aut 
700 1 |a Vobecká, Běla  |7 mzk2014847444  |4 aut 
910 2 |a BOA001  |b 4-1496.404 
920 |a 1332648  |z KLG001 
990 |a BK 
995 |a 01 
991 |b 202211  |c NOV 
996 6 |b 2610919910  |c 4-1496.404  |l MZK  |r Sklad / do 1 hodiny  |n 1  |p p.v.  |w 001903927  |u 000010  |a 1  |e BOA001  |j MZK50  |s P 
996 7 |b 2610919911  |c 4-1496.404  |l MZK  |r Sklad / do 1 hodiny  |n 11  |p p.v.  |w 001903927  |u 000020  |a 1  |e BOA001  |j MZK50  |s A